00638nam a2200121Ia 4500008004100000020002500041050002000066245010600086260006200192300002000254500015300274650008900427120721s9999 xx 000 0 und d a970-712-555-1 (t. 5) aKGF10 F692 2005 aEl foro : periódico de jurisprudencia y de legislación / Suprema Corte de Justicia de la Nación aMéxico : Suprema Corte de Justicia de la Nación, 2005 a584 p. ; 37 cm. aacsim. Tip. del comercio - De Nabor Chávez. - - Calle de Cordubanes Núm. 8, México 1873. - - ISBN 970-712-489-X (obra completa). - - t. 5 1875 a1. Derecho - México 2. Derecho - Jurisprudencia, legislación, etc. - MéxicoÌ